000 00925nam a2200241 4500
003 CO-ViMGA
008 180103s9999 xx 000 0 und d
020 _a9789588846446
040 _aCO-ViMGA
_bspa
_cCO-ViMGA
090 _aC OUY1
100 1 _a Ouyessad, Myriam
_912134
245 1 0 _aEl guardián del árbol /
_cMyriam Ouyessad ; ilustraciones de Anja Klauss ; fotografías Gustav Klimt ; traducción Susana Tornero
250 _a Edición especial
260 _aBogotá
_bJuventud
_c2017
300 _a[26] páginas sin numerar
_bilustraciones a color
490 _aPlan Nacional de Lectura y Escritura Leer es mi Cuento / Ministerio de Cultura
650 1 4 _aCuentos infantiles franceses
_ySiglo XXI
_912135
650 1 4 _aLibros ilustrados para niños
_987
650 1 4 _aLiteratura infantil francesa
_y Siglo XXI
_912136
650 1 4 _aMisterio en la literatura
_912137
650 1 4 _aNiños en la literatura
_97898
942 _2ddc
_cBK
999 _c8509
_d8509